000 01079nam0a22002891 4500
001 v19\rc\2070290
005 20230407122531.0
035 _a(NLR Aleph) 005158054
090 _a4961931
_c4961931
100 _a20081218e19131913|||y0rusy50 ca
101 0 _arus
102 _aRU
105 _aa z |||||
200 1 _aВолынская старина
210 _aКиев
_d1913
215 _a[4], 43, [2] с., 21 л. ил.
_cил.
_d33
300 _aПеред загл. авт. - Г.К. Лукомский, в конце текста - Георий Лукомский
311 _aОтт. из журн. "Искусство Южной России", доб. 15 ил., и изд. в количестве 35 экз.
488 0 _12001#$aИскусство Южной России
532 1 3 _aВолынская старина
700 1 _aЛукомский
_bГ. К.
_f1884-1954
_gГеоргий Крескентьевич
801 0 _aRU
_bNLR
_gpsbo
801 1 _aRU
_bProSoft-M
_2rusmarc
852 _aNLR
_j37.21.2.14
942 _cBOOK
980 _aNB